Normal view
MARC view
- NARENDRAN KS
Entry Personal Name
001 - CONTROL NUMBER
- control field: 5494
003 - CONTROL NUMBER IDENTIFIER
- control field: OSt
005 - DATE AND TIME OF LATEST TRANSACTION
- control field: 20230624142206.0
008 - FIXED-LENGTH DATA ELEMENTS
- fixed length control field: 230624|| aca||aabn | a|a d
040 ## - CATALOGING SOURCE
- Original cataloging agency: OSt
- Transcribing agency: OSt
100 ## - HEADING--PERSONAL NAME
- Personal name: NARENDRAN KS
- Personal name: VISMAYA M
- Personal name: SANJU VARGHESE JOSE
- Personal name: DONA SHIBU
670 ## - SOURCE DATA FOUND
- Source citation: Work cat.: (OSt)17717: NARENDRAN KS VISMAYA M SANJU VARGHESE JOSE DONA SHIBU , CHARACTERIZATION OF SOIL MEDIA OF POLYHOUSE CULTIVATION , 2023
